|
|
|
|
| LEADER |
00832nam a2200337 4500 |
| 001 |
DLU120133106 |
| 005 |
##20120329 |
| 040 |
# |
# |
|a DLU
|b vie
|
| 041 |
# |
# |
|a eng
|
| 044 |
# |
# |
|a vn
|
| 082 |
# |
# |
|a 423
|b HO-A
|
| 100 |
# |
# |
|a Hornby, A.S.
|
| 245 |
# |
# |
|a Oxford advanced learner's dictionary of current English /
|c A.S. Hornby.
|
| 250 |
# |
# |
|a 8th ed.
|
| 260 |
# |
# |
|a New York :
|b Oxford University Press,
|c 2010.
|
| 300 |
# |
# |
|a xii, 1796 tr. ;
|c 24 cm.
|
| 650 |
# |
# |
|a English language
|x Dictionaries.
|
| 650 |
# |
# |
|a English language
|x New words
|x Dictionaries.
|
| 923 |
# |
# |
|a 01/2012SP
|
| 991 |
# |
# |
|a SH
|
| 992 |
# |
# |
|a 280000
|
| 993 |
# |
# |
|a 2010
|
| 994 |
# |
# |
|a KSP
|
| 998 |
# |
# |
|a TK
|
| 900 |
# |
# |
|a True
|
| 911 |
# |
# |
|a Nguyễn Thanh Hương
|
| 925 |
# |
# |
|a G
|
| 926 |
# |
# |
|a A
|
| 927 |
# |
# |
|a SH
|
| 980 |
# |
# |
|a Thư viện Trường Đại học Đà Lạt
|